Statystyki dla Najlepszy zawodnik piłki nożnej z każdego kraju europy

Kliknij tutaj aby rozwiązać quiz!

Ogólne statystyki

  • Ten quiz został rozwiązany 249 razy
  • Średni wynik to 10 z 48

Statystyki odpowiedzi

krajepiłkarz% Poprawnych
PolskaRobert Lewandowski
80%
BelgiaKevin De bruyne
74%
PortugaliaCristiano Ronaldo
73%
ChorwacjaLuka Modric
71%
FrancjaKylian Mbappe
69%
AustriaDavid Alaba
45%
NorwegiaErling Haaland
43%
NiemcyGerd Muller
36%
HolandiaVirgil Van Dijk
32%
BelgiaEden Hazard
30%
SłoweniaJan Oblak
26%
FrancjaZinedine Zidane
26%
WaliaGareth Bale
24%
SzwecjaZlatan Ibrahimovic
24%
CzechyPeter Cech
23%
NiemcyManuel Neuer
22%
Bośnia i HercegowinaMiralem Pjanic
21%
HiszpaniaSergio Ramos
20%
WęgryFerenc Puskas
19%
DaniaPeter Schmeichel
19%
WłochyPaolo Maldini
18%
PolskaKazimierz Deyna
17%
RosjaLew Yashin
17%
BułgariaChristo Stoichkov
16%
DaniaMichael Laudrup
16%
CzarnogóraStefan Savic
16%
HolandiaRuud Gullit
15%
PortugaliaEusebio
14%
UkrainaAndrij Shevchenko
13%
HiszpaniaIker Casillas
12%
IrlandiaRoy Keane
12%
FinlandiaJari Litmanen
11%
Macedonia północnaGoran Pandev
10%
AngliaDavid Beckham
9%
SzkocjaKenny Dalglish
9%
SłowacjaMarek Hamsik
9%
serbiaNemanja Vidic
9%
WłochyRoberto Baggio
9%
AlbaniaThomas Strakosha
9%
BiałoruśAleksander Hleb
7%
GrecjaKostas Manolas
4%
EstoniaRagnar Klavan
2%
ŁotwaArtjoms Rudnevs
1%
MołdawiaAlexandruEpureanu
0%
RumuniaGheroge Hagi
0%
IslandiaGylfi Sigurdasson
0%
SzwajcariaYannSommer
0%
LitwaZydrunas Karcemarskas
0%

Rozkład punktacji

Percentyl według liczby udzielonych odpowiedzi

Procent ludzi z każdym wynikiem

Twoja historia wyników

Nie rozwiązałeś tego quizu